[Event "AUT-chT2M 0910"]
[Site "Austria"]
[Date "2009.11.22"]
[Round "4.5"]
[White "Bergen, Peter"]
[Black "Raffalt, Manfred"]
[Result "1/2-1/2"]
[WhiteElo "2150"]
[BlackElo "2136"]
[PlyCount "64"]
[EventDate "2009.10.10"]
[EventType "team-tourn"]
[EventRounds "11"]
[EventCountry "AUT"]
[SourceTitle "EXT 2011"]
[Source "ChessBase"]
[SourceDate "2010.11.26"]
[SourceVersion "1"]
[SourceVersionDate "2010.11.26"]
[SourceQuality "1"]
[WhiteTeam "Villach Admira"]
[BlackTeam "Frauental"]
[WhiteTeamCountry "AUT"]
[BlackTeamCountry "AUT"]

1. d4 d5 2. Nf3 Nf6 3. c4 e6 4. Nc3 c6 5. e3 a6 6. a4 c5 7. Bd3 Nc6 8. 0-0 Be7 9. b3 0-0 10. Bb2 b6 11. Rc1 Bb7 12. Qe2 Nb4 13. Bb1 Rc8 14. Rfd1 Qc7 15. Ne5 Bd6 16. h3 Ne4 17. cxd5 exd5 18. Nxe4 dxe4 19. Nc4 Be7 20. dxc5 Bxc5 21. Nd6 f5 22. Nxc8 Qxc8 23. Qc4+ Kh8 24. Qc3 Rg8 25. a5 Qf8 26. axb6 Bxb6 27. Qe5 Qf7 28. Qd6 Ba5 29. Rc4 Nd5 30. Rxd5 Bxd5 31. Rc5 Rd8 32. Qe5 Bb6 1/2-1/2

[Event "Latschach op 25th"]
[Site "Latschach"]
[Date "2009.08.12"]
[Round "6"]
[White "Bergen, Peter"]
[Black "Kainz, Josef"]
[Result "1-0"]
[WhiteElo "2159"]
[BlackElo "1993"]
[PlyCount "42"]
[EventDate "2009.08.08"]
[EventType "swiss"]
[EventRounds "9"]
[EventCountry "AUT"]
[SourceTitle "CBM 131 Extra"]
[Source "ChessBase"]
[SourceDate "2009.09.03"]
[SourceVersion "2"]
[SourceVersionDate "2009.09.16"]
[SourceQuality "1"]

1. d4 f5 2. Nf3 Nf6 3. g3 g6 4. Bg2 Bg7 5. 0-0 0-0 6. c4 d6 7. d5 c5 8. Nc3 h6 9. Qc2 Na6 10. a3 Nc7 11. b3 Rb8 12. Bb2 Kh7 13. a4 e5 14. dxe6 Bxe6 15. Rad1 d5 16. cxd5 Nfxd5 17. Nxd5 Bxd5 18. Bxg7 Kxg7 19. Qxc5 Rf6 20. Ne5 Rd6 21. Nc4 Ne6 1-0

[Event "Latschach op 25th"]
[Site "Latschach"]
[Date "2009.08.11"]
[Round "5"]
[White "Lipp, Alfred"]
[Black "Bergen, Peter"]
[Result "1-0"]
[WhiteElo "2091"]
[BlackElo "2159"]
[PlyCount "43"]
[EventDate "2009.08.08"]
[EventType "swiss"]
[EventRounds "9"]
[EventCountry "AUT"]
[SourceTitle "CBM 131 Extra"]
[Source "ChessBase"]
[SourceDate "2009.09.03"]
[SourceVersion "2"]
[SourceVersionDate "2009.09.16"]
[SourceQuality "1"]

1. c4 Nf6 2. Nc3 g6 3. e4 d6 4. d4 Bg7 5. Nf3 0-0 6. Be2 Nbd7 7. 0-0 e5 8. Re1 c6 9. h3 exd4 10. Nxd4 Nc5 11. Bf3 a5 12. Rb1 Re8 13. Bf4 Bf8 14. Nc2 Qc7 15. b3 Nfd7 16. Ne3 Ne5 17. Be2 Be6 18. Qc2 Rad8 19. a3 Bc8 20. Bg5 Be7 21. Ncd5 cxd5 22. Nxd5 1-0

[Event "Latschach op 25th"]
[Site "Latschach"]
[Date "2009.08.10"]
[Round "4"]
[White "Bergen, Peter"]
[Black "Guido, Flavio"]
[Result "0-1"]
[WhiteElo "2159"]
[BlackElo "2400"]
[PlyCount "56"]
[EventDate "2009.08.08"]
[EventType "swiss"]
[EventRounds "9"]
[EventCountry "AUT"]
[SourceTitle "CBM 131 Extra"]
[Source "ChessBase"]
[SourceDate "2009.09.03"]
[SourceVersion "2"]
[SourceVersionDate "2009.09.16"]
[SourceQuality "1"]

1. d4 Nf6 2. c4 g6 3. Nc3 d5 4. cxd5 Nxd5 5. e4 Nxc3 6. bxc3 Bg7 7. Nf3 c5 8. Rb1 0-0 9. Be2 b6 10. 0-0 Bb7 11. d5 Bxc3 12. Bb2 Bxb2 13. Rxb2 Qd6 14. Nd2 e6 15. Nc4 Qf4 16. Rd2 exd5 17. exd5 Nd7 18. g3 Qf6 19. Ne3 Rad8 20. Ng4 Qd6 21. Qa1 h5 22. Ne3 Qe5 23. Qd1 Nf6 24. Bf3 Ne4 25. Rd3 Ba6 26. Re1 Bxd3 27. Qxd3 Nd6 28. Qa3 Rd7 0-1

[Event "EU-chT Seniors 11th"]
[Site "Velden"]
[Date "2009.04.13"]
[Round "9"]
[White "Bergen, Peter"]
[Black "Van Geffen, Ben"]
[Result "1/2-1/2"]
[WhiteElo "2170"]
[BlackElo "2134"]
[PlyCount "68"]
[EventDate "2009.04.05"]
[EventType "team-swiss"]
[EventRounds "9"]
[EventCountry "AUT"]
[SourceTitle "CBM 129 Extra"]
[Source "ChessBase"]
[SourceDate "2009.05.05"]
[SourceVersion "2"]
[SourceVersionDate "2009.05.20"]
[SourceQuality "1"]

1. d4 Nf6 2. c4 g6 3. Nc3 d5 4. cxd5 Nxd5 5. e4 Nxc3 6. bxc3 Bg7 7. Nf3 c5 8. Rb1 0-0 9. Be2 cxd4 10. cxd4 Qa5+ 11. Bd2 Qxa2 12. 0-0 Bg4 13. d5 Nd7 14. Bb4 Rfe8 15. h3 Bxf3 16. Bxf3 a5 17. Bd2 Qc4 18. Rxb7 Ne5 19. Bc1 Bf6 20. Ba3 Qc3 21. Bb2 Nxf3+ 22. Qxf3 Qxf3 23. gxf3 Bxb2 24. Rxb2 Rec8 25. Ra1 Rc4 26. Rba2 a4 27. Kf1 Kg7 28. Ke2 e5 29. dxe6 fxe6 30. Kd3 Rb4 31. Ra3 e5 32. Rc1 Rd8+ 33. Ke3 Rd7 34. f4 exf4+ 1/2-1/2

[Event "EU-chT Seniors 11th"]
[Site "Velden"]
[Date "2009.04.10"]
[Round "6"]
[White "Bergen, Peter"]
[Black "Nagorni, Walter"]
[Result "0-1"]
[WhiteElo "2170"]
[BlackElo "2127"]
[PlyCount "78"]
[EventDate "2009.04.05"]
[EventType "team-swiss"]
[EventRounds "9"]
[EventCountry "AUT"]
[SourceTitle "CBM 129 Extra"]
[Source "ChessBase"]
[SourceDate "2009.05.05"]
[SourceVersion "2"]
[SourceVersionDate "2009.05.20"]
[SourceQuality "1"]

1. d4 Nf6 2. c4 c5 3. d5 e6 4. Nc3 exd5 5. cxd5 d6 6. e4 g6 7. f4 Bg7 8. Bb5+ Nfd7 9. a4 Qh4+ 10. g3 Qe7 11. Nf3 0-0 12. 0-0 a6 13. Bd3 Nf6 14. Re1 Bg4 15. Bf1 Nbd7 16. h3 Bxf3 17. Qxf3 Rfe8 18. Bd2 Rab8 19. Kh2 Qd8 20. Re3 Qc7 21. Bc4 Nb6 22. Bd3 c4 23. Bc2 Nbd7 24. Rae1 b5 25. axb5 axb5 26. b4 Nh5 27. Ne2 Ra8 28. Bc3 Ra2 29. Bxg7 Nxg7 30. Rc1 Qb6 31. Nc3 Rb2 32. Re2 Rxb4 33. Nd1 Qc5 34. Qc3 Nf5 35. Nf2 Nd4 36. Rd2 Nxc2 37. Rdxc2 Rb3 38. Qa1 Qe3 39. Rg1 h5 0-1

[Event "EU-chT Seniors 11th"]
[Site "Velden"]
[Date "2009.04.07"]
[Round "3"]
[White "Westerinen, Heikki MJ"]
[Black "Bergen, Peter"]
[Result "1-0"]
[WhiteElo "2344"]
[BlackElo "2170"]
[PlyCount "61"]
[EventDate "2009.04.05"]
[EventType "team-swiss"]
[EventRounds "9"]
[EventCountry "AUT"]
[SourceTitle "CBM 129 Extra"]
[Source "ChessBase"]
[SourceDate "2009.05.05"]
[SourceVersion "2"]
[SourceVersionDate "2009.05.20"]
[SourceQuality "1"]

1. e4 e5 2. Nf3 Nc6 3. Bb5 Nf6 4. d4 exd4 5. e5 Ne4 6. 0-0 Be7 7. Nxd4 Nxd4 8. Qxd4 Nc5 9. Qg4 Ne6 10. f4 c6 11. Bd3 h5 12. Qg3 h4 13. Qg4 d5 14. f5 Qb6+ 15. Kh1 Qd4 16. Qxd4 Nxd4 17. c3 Nb5 18. Bf4 a6 19. Nd2 Na7 20. Rae1 c5 21. e6 Nc6 22. Nf3 f6 23. Rd1 b5 24. Bc2 h3 25. Rxd5 hxg2+ 26. Kxg2 Rh5 27. Be4 Ra7 28. Kg3 Nd8 29. Rfd1 Bb7 30. Rd7 Bxe4 31. Rxa7 1-0

[Event "Latschach op 24th"]
[Site "Latschach"]
[Date "2008.08.12"]
[Round "5"]
[White "Bergen, Peter"]
[Black "Hofmann, Thomas"]
[Result "1/2-1/2"]
[WhiteElo "2187"]
[BlackElo "1973"]
[PlyCount "101"]
[EventDate "2008.08.09"]
[EventType "swiss"]
[EventRounds "9"]
[EventCountry "AUT"]
[SourceTitle "CBM 125 Extra"]
[Source "ChessBase"]
[SourceDate "2008.09.01"]
[SourceVersion "1"]
[SourceVersionDate "2008.09.01"]
[SourceQuality "1"]

1. d4 d5 2. Nf3 e6 3. c4 c6 4. Nc3 Nf6 5. e3 Be7 6. Bd3 Nbd7 7. 0-0 0-0 8. e4 b6 9. e5 Ne8 10. Qe2 dxc4 11. Bxc4 Nc7 12. Ne4 Nd5 13. a3 c5 14. dxc5 Nxc5 15. Rd1 Nxe4 16. Qxe4 Bb7 17. Bd3 g6 18. Bh6 Rb8 19. Bxf8 Qxf8 20. Qg4 a5 21. h4 Qh6 22. Ng5 Bc5 23. Rac1 Qg7 24. Nf3 Qh6 25. Ng5 Qg7 26. Re1 Ne7 27. Ne4 h5 28. Qf4 Nd5 29. Nf6+ Qxf6 30. Qxf6 Nxf6 31. exf6 Rd8 32. Bf1 Rd2 33. Re2 Rd5 34. g3 Rf5 35. Bg2 Ba6 36. Rd2 Rxf6 37. Be4 e5 38. Kg2 Kg7 39. Rcc2 Bb5 40. Rd8 Re6 41. f3 Re7 42. Rb8 Ba4 43. Rd2 f5 44. Ba8 e4 45. fxe4 fxe4 46. Rb7 Rxb7 47. Bxb7 e3 48. Re2 Bb5 49. Re1 Bd3 50. Kf3 Kf6 51. Rxe3 1/2-1/2

[Event "AUT-chT2M 0708"]
[Site "Austria"]
[Date "2007.10.13"]
[Round "1.5"]
[White "Weber, Christoph"]
[Black "Bergen, Peter"]
[Result "1-0"]
[WhiteElo "2194"]
[BlackElo "2219"]
[PlyCount "73"]
[EventDate "2007.10.13"]
[EventType "team-tourn"]
[EventRounds "11"]
[EventCountry "AUT"]
[SourceTitle "EXT 2009"]
[Source "ChessBase"]
[SourceDate "2008.11.26"]
[SourceVersion "1"]
[SourceVersionDate "2008.11.26"]
[SourceQuality "1"]
[WhiteTeam "Frauental"]
[BlackTeam "Villach Admira"]
[WhiteTeamCountry "AUT"]
[BlackTeamCountry "AUT"]

1. e4 e5 2. Nf3 Nc6 3. Bb5 Nf6 4. 0-0 Nxe4 5. d4 Nd6 6. Bxc6 dxc6 7. dxe5 Nf5 8. Qe2 Nd4 9. Nxd4 Qxd4 10. Rd1 Bg4 11. Rxd4 Bxe2 12. Nc3 Bc5 13. Nxe2 Bxd4 14. Nxd4 0-0-0 15. Be3 Rd5 16. f4 Rhd8 17. Nf3 Rd1+ 18. Rxd1 Rxd1+ 19. Kf2 Rb1 20. Bd4 c5 21. Bc3 Kd7 22. Ng5 Ke7 23. Nxh7 Rc1 24. f5 Rxc2+ 25. Kf3 b5 26. f6+ gxf6 27. exf6+ Ke8 28. h4 b4 29. Be5 c4 30. h5 c3 31. bxc3 bxc3 32. h6 Rc1 33. Ng5 c2 34. Bb2 Rf1+ 35. Ke2 Rxf6 36. h7 Rh6 37. Kd2 1-0

[Event "Latschach op 22nd"]
[Site "Latschach"]
[Date "2006.08.13"]
[Round "3"]
[White "Sikula, Vaszilij"]
[Black "Bergen, Peter"]
[Result "1-0"]
[WhiteElo "2501"]
[BlackElo "2223"]
[PlyCount "71"]
[EventDate "2006.08.12"]
[EventType "swiss"]
[EventRounds "9"]
[EventCountry "AUT"]
[SourceTitle "CBM 113 Extra"]
[Source "ChessBase"]
[SourceDate "2006.09.14"]
[SourceVersion "1"]
[SourceVersionDate "2006.09.14"]
[SourceQuality "1"]

1. e4 e5 2. Nf3 Nc6 3. Bc4 Be7 4. d4 d6 5. Nc3 Nf6 6. h3 Nxe4 7. Nxe4 d5 8. Bb5 dxe4 9. Nxe5 Qd6 10. Qe2 0-0 11. Bxc6 bxc6 12. Qxe4 Ba6 13. Bd2 f6 14. Nxc6 Rfe8 15. 0-0-0 Bf8 16. Qf3 Be2 17. Qb3+ Kh8 18. d5 Bxd1 19. Rxd1 Qd7 20. Be3 a6 21. Qd3 Bd6 22. c4 Qf7 23. c5 Bf8 24. Kb1 a5 25. Qc2 a4 26. a3 Ra6 27. Bf4 g6 28. Be3 Bg7 29. Qd3 Raa8 30. Qc4 f5 31. Bd4 Re4 32. f3 Ree8 33. Bxg7+ Kxg7 34. Qd4+ Kg8 35. d6 cxd6 36. cxd6 1-0

[Event "Latschach op 22nd"]
[Site "Latschach"]
[Date "2006.08.12"]
[Round "1"]
[White "Behm, Wilfried"]
[Black "Bergen, Peter"]
[Result "0-1"]
[WhiteElo "1874"]
[BlackElo "2223"]
[PlyCount "48"]
[EventDate "2006.08.12"]
[EventType "swiss"]
[EventRounds "9"]
[EventCountry "AUT"]
[SourceTitle "CBM 113 Extra"]
[Source "ChessBase"]
[SourceDate "2006.09.14"]
[SourceVersion "1"]
[SourceVersionDate "2006.09.14"]
[SourceQuality "1"]

1. d4 Nf6 2. c4 g6 3. Nc3 Bg7 4. e4 d6 5. Nge2 0-0 6. f3 Nbd7 7. g4 c5 8. Be3 cxd4 9. Bxd4 Ne5 10. Bxe5 dxe5 11. Qc2 Bh6 12. h4 Be3 13. Rh2 Be6 14. Rd1 Qa5 15. Nc1 Rac8 16. Nb3 Qb4 17. a3 Qb6 18. Nd5 Bxd5 19. exd5 Rfd8 20. Qd3 e4 21. fxe4 Nxg4 22. c5 Bxc5 23. Nxc5 Nxh2 24. Na4 Qf6 0-1

[Event "Villach Admira 60 op"]
[Site "Villach"]
[Date "2006.02.18"]
[Round "9"]
[White "Szuhanek, Ranko"]
[Black "Bergen, Peter"]
[Result "1-0"]
[WhiteElo "2441"]
[BlackElo "2248"]
[PlyCount "97"]
[EventDate "2006.02.11"]
[EventType "swiss"]
[EventRounds "9"]
[EventCountry "AUT"]
[SourceTitle "CBM 110 Extra"]
[Source "ChessBase"]
[SourceDate "2006.03.10"]
[SourceVersion "2"]
[SourceVersionDate "2006.03.10"]
[SourceQuality "1"]

1. Nf3 Nf6 2. c4 c5 3. Nc3 Nc6 4. d4 cxd4 5. Nxd4 g6 6. e4 d6 7. Be2 Bg7 8. Be3 0-0 9. 0-0 Bd7 10. Qd2 Re8 11. Rab1 a6 12. f3 Rb8 13. Nxc6 Bxc6 14. b4 b6 15. Rfc1 b5 16. cxb5 axb5 17. a4 bxa4 18. b5 Bb7 19. Nxa4 d5 20. Bb6 Qd6 21. Bc7 Qa3 22. Ra1 Nxe4 23. Rxa3 Nxd2 24. Bxb8 Rxb8 25. Rc2 Nc4 26. Bxc4 dxc4 27. Rxc4 Bd5 28. Rb4 e6 29. Rb1 Bd4+ 30. Kh1 e5 31. h3 Kg7 32. Rb4 Rc8 33. Rd3 Rc4 34. Rxc4 Bxc4 35. Rxd4 exd4 36. b6 Bd5 37. Nc5 Kf6 38. Kg1 Ke5 39. b7 Bxb7 40. Nxb7 d3 41. Na5 Kd4 42. Kf2 Kc3 43. Nc6 Kc2 44. Nb4+ Kc3 45. Nd5+ Kc2 46. Ne3+ Kd2 47. g3 f5 48. h4 Kc3 49. Ke1 1-0

[Event "Villach Admira 60 op"]
[Site "Villach"]
[Date "2006.02.14"]
[Round "5"]
[White "Hafner, Robert"]
[Black "Bergen, Peter"]
[Result "1-0"]
[WhiteElo "2127"]
[BlackElo "2248"]
[PlyCount "77"]
[EventDate "2006.02.11"]
[EventType "swiss"]
[EventRounds "9"]
[EventCountry "AUT"]
[SourceTitle "CBM 110 Extra"]
[Source "ChessBase"]
[SourceDate "2006.03.10"]
[SourceVersion "2"]
[SourceVersionDate "2006.03.10"]
[SourceQuality "1"]

1. d4 Nf6 2. c4 g6 3. Nc3 Bg7 4. e4 d6 5. Nf3 0-0 6. Be2 Nbd7 7. 0-0 e5 8. Be3 c6 9. Qc2 Nh5 10. Rfe1 Nf4 11. Bf1 h6 12. Rad1 Qe7 13. b4 g5 14. dxe5 dxe5 15. c5 Nf6 16. Ne2 N6h5 17. Ng3 Nxg3 18. hxg3 Ng6 19. Rd6 Re8 20. Bc4 Nf8 21. Red1 a6 22. Bc1 Bf6 23. Bb2 g4 24. Nd2 Kg7 25. Nf1 Bg5 26. Qc3 h5 27. Ne3 Nh7 28. f4 gxf3 29. gxf3 f6 30. Kf2 h4 31. g4 Kh8 32. Qd3 Nf8 33. Nf5 Bxf5 34. gxf5 Bf4 35. Bc1 Bxc1 36. Rxc1 Qg7 37. Rg1 Qh6 38. Rg8+ Kh7 39. Rd7+ 1-0

[Event "Villach Admira 60 op"]
[Site "Villach"]
[Date "2006.02.12"]
[Round "3"]
[White "Bartl, Ulf"]
[Black "Bergen, Peter"]
[Result "1/2-1/2"]
[WhiteElo "2032"]
[BlackElo "2230"]
[PlyCount "135"]
[EventDate "2006.02.11"]
[EventType "swiss"]
[EventRounds "9"]
[EventCountry "AUT"]
[SourceTitle "CBM 110 Extra"]
[Source "ChessBase"]
[SourceDate "2006.03.10"]
[SourceVersion "2"]
[SourceVersionDate "2006.03.10"]
[SourceQuality "1"]

1. d4 Nf6 2. c4 g6 3. Nc3 Bg7 4. e4 d6 5. h3 0-0 6. Be3 Nbd7 7. Nge2 e5 8. d5 Nc5 9. Qc2 a5 10. g4 c6 11. Ng3 a4 12. Be2 cxd5 13. cxd5 Qa5 14. Rc1 Bd7 15. Kf1 Rfc8 16. Qd1 b5 17. f3 b4 18. Nb1 Ne8 19. Nd2 Bb5 20. Bc4 Nd3 21. Bxd3 Bxd3+ 22. Kf2 Qa6 23. Rxc8 Rxc8 24. Qa1 Nc7 25. Rc1 Nb5 26. Ndf1 Bf6 27. Rxc8+ Qxc8 28. Qc1 Qxc1 29. Bxc1 Bb1 30. a3 bxa3 31. bxa3 Bd8 32. Nd2 Bb6+ 33. Ke1 Ba2 34. Ne2 Bc5 35. Kd1 Nxa3 36. Nc3 Bb3+ 37. Nxb3 axb3 38. Bxa3 Bxa3 39. Nb5 Bc5 40. Kc1 Kg7 41. Kb2 Kf6 42. h4 Ke7 43. Kxb3 Be3 44. h5 Bc5 45. hxg6 fxg6 46. Kc4 Kf6 47. Nc7 h5 48. gxh5 gxh5 49. Kd3 h4 50. Ke2 h3 51. Kf1 Kg6 52. Ne6 Be3 53. Nd8 Kf6 54. Ne6 Bb6 55. f4 exf4 56. Nxf4 Ke5 57. Nxh3 Be3 58. Ke1 Kd4 59. Kd1 Kxe4 60. Ke2 Kd4 61. Kf3 Kd3 62. Nf2+ Bxf2 63. Kxf2 Kd4 64. Ke2 Kxd5 65. Kd3 Ke5 66. Ke3 d5 67. Kd3 d4 68. Kd2 1/2-1/2

[Event "Feffernitz Raika op 14th"]
[Site "Feffernitz"]
[Date "2005.08.28"]
[Round "9"]
[White "Bergen, Peter"]
[Black "Mitter, Gerd"]
[Result "1-0"]
[WhiteElo "2240"]
[BlackElo "2191"]
[PlyCount "115"]
[EventDate "2005.08.21"]
[EventType "swiss"]
[EventRounds "9"]
[EventCountry "AUT"]
[SourceTitle "CBM 108 Extra"]
[Source "ChessBase"]
[SourceDate "2005.11.04"]
[SourceVersion "1"]
[SourceVersionDate "2005.11.04"]
[SourceQuality "1"]

1. d4 Nf6 2. c4 g6 3. Nc3 d5 4. Nf3 Bg7 5. cxd5 Nxd5 6. e4 Nxc3 7. bxc3 c5 8. Rb1 0-0 9. Be2 b6 10. 0-0 Bb7 11. Bd3 Qd7 12. Qe2 Qa4 13. Bg5 f6 14. Be3 cxd4 15. cxd4 Ba6 16. d5 Bxd3 17. Qxd3 Nd7 18. h4 Rac8 19. Bd4 Nc5 20. Qe3 e5 21. dxe6 Nxe6 22. Bb2 Nc5 23. Bd4 Rfe8 24. e5 Qxa2 25. h5 Qd5 26. hxg6 hxg6 27. Rbd1 Qf7 28. Bxc5 Rxc5 29. Rfe1 fxe5 30. Ng5 Qf5 31. Qb3+ Kh8 32. Ne4 Rf8 33. Re3 Bh6 34. Rf3 Qc8 35. Nxc5 Qxc5 36. Rxf8+ Bxf8 37. Qf7 Qe7 38. Qxg6 Bg7 39. Rc1 Qd7 40. Qh5+ Kg8 41. Rd1 Qe7 42. Qf5 Qf6 43. Qc8+ Bf8 44. Rd3 Qe7 45. Rg3+ Kf7 46. Rf3+ Kg8 47. Qc4+ Kg7 48. Qg4+ Kh7 49. Rd3 Qf6 50. Rd7+ Bg7 51. Rxa7 Qh6 52. g3 Qc1+ 53. Kh2 Qh6+ 54. Qh3 e4 55. Rb7 e3 56. fxe3 Kg8 57. Qxh6 Bxh6 58. Rxb6 1-0

[Event "Bayern-chI Bank Hofmann 7th"]
[Site "Bad Wiessee"]
[Date "2003.11.10"]
[Round "3"]
[White "Bergen, Peter"]
[Black "Golod, Vitali"]
[Result "0-1"]
[WhiteElo "2238"]
[BlackElo "2544"]
[PlyCount "74"]
[EventDate "2003.11.08"]
[EventType "swiss"]
[EventRounds "9"]
[EventCountry "GER"]
[SourceTitle "EXT 2004"]
[Source "ChessBase"]
[SourceDate "2003.11.25"]
[SourceVersion "1"]
[SourceVersionDate "2003.11.25"]
[SourceQuality "1"]

1. Nf3 Nf6 2. c4 c5 3. Nc3 d5 4. cxd5 Nxd5 5. g3 Nc6 6. Bg2 Nc7 7. 0-0 e5 8. d3 Be7 9. Nd2 Be6 10. Nc4 Nd5 11. Ne3 Nb6 12. f4 exf4 13. gxf4 f5 14. Kh1 0-0 15. Bd2 Qd7 16. Rc1 Rfd8 17. b3 Kh8 18. Qe1 Rac8 19. Rd1 Bf6 20. Qg3 Nd4 21. Nc4 Nd5 22. Qf2 Qe7 23. e4 Nxc3 24. Bxc3 b5 25. Ne5 fxe4 26. Bxe4 Bd5 27. Bxd5 Rxd5 28. Rde1 Bxe5 29. Rxe5 Rxe5 30. fxe5 Ne6 31. Qg2 Qd7 32. Rf3 Kg8 33. Kg1 a5 34. Qg4 Rc6 35. a4 b4 36. Bb2 Qd5 37. Qh5 g6 0-1

[Event "Faaker See op 19th"]
[Site "Faaker See"]
[Date "2003.08.14"]
[Round "7"]
[White "Bergen, Peter"]
[Black "Laengl, Juergen"]
[Result "1-0"]
[WhiteElo "2219"]
[BlackElo "2233"]
[PlyCount "146"]
[EventDate "2003.08.09"]
[EventType "swiss"]
[EventRounds "9"]
[EventCountry "AUT"]
[SourceTitle "CBM 095 Extra"]
[Source "ChessBase"]
[SourceDate "2003.09.04"]
[SourceVersion "1"]
[SourceVersionDate "2003.09.04"]
[SourceQuality "1"]

1. d4 d5 2. Nf3 Nf6 3. c4 e6 4. Nc3 c6 5. e3 Nbd7 6. Bd3 dxc4 7. Bxc4 b5 8. Bd3 a6 9. e4 c5 10. e5 cxd4 11. Nxb5 Nxe5 12. Nxe5 axb5 13. 0-0 Bd7 14. Qe2 Ra5 15. Bd2 b4 16. a3 Qa8 17. Nxd7 Nxd7 18. Bb5 Bd6 19. h3 Qa7 20. a4 0-0 21. Qe1 Ra8 22. Rc1 Ne5 23. Qe2 h6 24. Kh1 Qb8 25. Qe4 Qa7 26. f4 Ng6 27. f5 exf5 28. Rxf5 Ne7 29. Rf3 Ng6 30. Rcf1 Rf8 31. Rd3 Bc5 32. Rdf3 Qe7 33. Qxe7 Bxe7 34. Rb3 Rd8 35. Bxb4 Bxb4 36. Rxb4 d3 37. Rd1 Ne5 38. Kg1 Ra7 39. Kf2 f6 40. Rb3 Rc7 41. Rc3 Rxc3 42. bxc3 Kf7 43. Ke3 Ke7 44. Rd2 Ra8 45. Kd4 Kd6 46. c4 Kc7 47. Kc3 Kb6 48. Kb4 Nc6+ 49. Bxc6 Kxc6 50. Rxd3 Rb8+ 51. Kc3 Ra8 52. Rg3 Ra7 53. a5 Kc5 54. Rf3 Kc6 55. Rf5 Re7 56. Rf2 Kc5 57. Rf5+ Kc6 58. Rd5 Re1 59. Rd2 Kc5 60. Ra2 Re3+ 61. Kd2 Rg3 62. Ke1 Re3+ 63. Kf2 Re8 64. Ra4 Ra8 65. a6 Ra7 66. Ke3 Kb6 67. Ke4 Re7+ 68. Kd3 Ka7 69. Ra2 Rd7+ 70. Ke4 Rd8 71. c5 Rd1 72. Ra3 Rd2 73. g3 Rd7 1-0

[Event "Faakersee op 18th"]
[Site "Latschach"]
[Date "2002.08.11"]
[Round "2"]
[White "Bergen, Peter"]
[Black "Reiss, Georg"]
[Result "1-0"]
[WhiteElo "2180"]
[BlackElo "1938"]
[PlyCount "83"]
[EventDate "2002.08.??"]
[EventType "swiss"]
[EventRounds "9"]
[EventCountry "AUT"]
[SourceTitle "EXT 2006"]
[Source "ChessBase"]
[SourceDate "2005.11.24"]
[SourceVersion "1"]
[SourceVersionDate "2005.11.24"]
[SourceQuality "1"]

1. d4 Nf6 2. c4 g6 3. Nc3 Bg7 4. e4 d6 5. Nf3 0-0 6. Be2 e5 7. 0-0 Nc6 8. d5 Ne7 9. Ne1 Nd7 10. Nd3 f5 11. Bd2 Nf6 12. f3 f4 13. Rc1 g5 14. c5 h5 15. cxd6 cxd6 16. h3 Bd7 17. Nf2 Qe8 18. Qb3 Qb8 19. Nb5 Rc8 20. Nxd6 Qxd6 21. Bb4 Qb6 22. Bxe7 Qxb3 23. axb3 Kf7 24. Bb4 Bf8 25. Bc3 Bd6 26. Nd3 Bb5 27. Nxe5+ Bxe5 28. Bxb5 Bc7 29. Bd4 a6 30. Be2 Nd7 31. Rc3 Ba5 32. e5 Bb6 33. e6+ Ke7 34. Rd1 Bxd4+ 35. Rxd4 Nb6 36. Bc4 Nxc4 37. bxc4 Rf8 38. c5 h4 39. Re4 Rg8 40. d6+ Ke8 41. Rc2 Rg6 42. Kh2 1-0

[Event "Faakersee op 18th"]
[Site "Latschach"]
[Date "2002.08.10"]
[Round "1"]
[White "Reichenbacher, Gerhard"]
[Black "Bergen, Peter"]
[Result "0-1"]
[WhiteElo "1720"]
[BlackElo "2180"]
[PlyCount "106"]
[EventDate "2002.08.??"]
[EventType "swiss"]
[EventRounds "9"]
[EventCountry "AUT"]
[SourceTitle "EXT 2006"]
[Source "ChessBase"]
[SourceDate "2005.11.24"]
[SourceVersion "1"]
[SourceVersionDate "2005.11.24"]
[SourceQuality "1"]

1. e4 c5 2. d3 Nc6 3. g3 g6 4. Bg2 Bg7 5. f4 e6 6. Nf3 Nge7 7. 0-0 0-0 8. c3 b6 9. Be3 d5 10. Na3 a6 11. Qe2 Bb7 12. Bf2 Qd7 13. Rab1 a5 14. Rfe1 Ba6 15. e5 h5 16. Nd2 Rab8 17. Nc2 Rfc8 18. b4 cxb4 19. cxb4 Nxe5 20. fxe5 Rxc2 21. bxa5 b5 22. Rec1 Qc7 23. Rxc2 Qxc2 24. Qd1 Qxd1+ 25. Rxd1 Bxe5 26. Nb3 Bc3 27. Bc5 Nc6 28. Bd6 Ra8 29. Rc1 b4 30. Bf1 Bb5 31. a3 Nxa5 32. Nxa5 Rxa5 33. axb4 Bd4+ 34. Kh1 Ra3 35. Bc5 Ra1 36. Rxa1 Bxa1 37. Kg1 d4 38. Kf2 e5 39. Be2 Kg7 40. h3 f5 41. Ke1 Bc3+ 42. Kd1 Kf6 43. Kc2 e4 44. Bd6 Ke6 45. Bc5 Ke5 46. Bf8 Ba4+ 47. Kb1 Be1 48. Bg7+ Kd5 49. g4 fxg4 50. hxg4 h4 51. b5 Bg3 52. dxe4+ Kxe4 53. Bf1 d3 0-1

[Event "Graz op"]
[Site "Graz"]
[Date "2002.??.??"]
[Round "7"]
[White "Bergen, Peter"]
[Black "Krieger, Hermann"]
[Result "0-1"]
[WhiteElo "2174"]
[BlackElo "2214"]
[PlyCount "79"]
[EventDate "2002.??.??"]
[EventType "swiss"]
[EventRounds "9"]
[EventCountry "AUT"]
[SourceTitle "EXT 2003"]
[Source "ChessBase"]
[SourceDate "2002.11.25"]
[SourceVersion "1"]
[SourceVersionDate "2002.11.25"]
[SourceQuality "1"]

1. d4 f5 2. Nf3 g6 3. h4 Nf6 4. h5 Nxh5 5. Rxh5 gxh5 6. e4 Bg7 7. Nc3 0-0 8. e5 e6 9. Bg5 Qe8 10. Qd2 b6 11. 0-0-0 Bb7 12. Bd3 Nc6 13. Ne2 d6 14. exd6 cxd6 15. Bb5 Qf7 16. Ba4 Rac8 17. Bf4 Rfd8 18. Ng5 Qf6 19. Qe3 e5 20. Bb3+ d5 21. dxe5 Nxe5 22. Nd4 Re8 23. Qd2 Nc4 24. Qd3 Qxd4 25. Qxd4 Bxd4 26. Rxd4 Re1+ 27. Rd1 Rxd1+ 28. Kxd1 Nxb2+ 29. Ke2 Nc4 30. f3 h6 31. Nh3 Kh7 32. Kf2 Na3 33. Be5 Nxc2 34. Nf4 Nb4 35. Kg3 Rc1 36. Nxh5 Nd3 37. Bd4 Nc5 38. Nf6+ Kg6 39. Bxd5 Rd1 40. Bxb7 0-1

[Event "Graz op"]
[Site "Graz"]
[Date "2002.??.??"]
[Round "6"]
[White "Demuth, Markus"]
[Black "Bergen, Peter"]
[Result "1/2-1/2"]
[WhiteElo "2235"]
[BlackElo "2174"]
[PlyCount "50"]
[EventDate "2002.??.??"]
[EventType "swiss"]
[EventRounds "9"]
[EventCountry "AUT"]
[SourceTitle "EXT 2003"]
[Source "ChessBase"]
[SourceDate "2002.11.25"]
[SourceVersion "1"]
[SourceVersionDate "2002.11.25"]
[SourceQuality "1"]

1. e4 e5 2. Nf3 Nc6 3. Bb5 a6 4. Ba4 Nf6 5. 0-0 b5 6. Bb3 Be7 7. d4 d6 8. c3 0-0 9. h3 h6 10. Nbd2 Bb7 11. Re1 Re8 12. a4 Bf8 13. Bc2 exd4 14. cxd4 Nb4 15. Bb1 c5 16. d5 Nd7 17. Ra3 g6 18. Nh2 Bg7 19. Ndf1 Qh4 20. Rg3 c4 21. Nf3 Qe7 22. h4 Ne5 23. Nxe5 Qxe5 24. Ne3 h5 25. Rg5 Qd4 1/2-1/2